<?xml version="1.0" encoding="UTF-8"?>
<record
    xmlns:xsi="http://www.w3.org/2001/XMLSchema-instance"
    xsi:schemaLocation="http://www.loc.gov/MARC21/slim http://www.loc.gov/standards/marcxml/schema/MARC21slim.xsd"
    xmlns="http://www.loc.gov/MARC21/slim">

  <leader>00953nam a22002417a 4500</leader>
  <controlfield tag="005">20081027121214.0</controlfield>
  <controlfield tag="008">081027t        xxu||||| |||| 00| 0 pnb d</controlfield>
  <datafield tag="010" ind1=" " ind2=" ">
    <subfield code="a">PNB-6152</subfield>
  </datafield>
  <datafield tag="020" ind1=" " ind2=" ">
    <subfield code="a">818138041x</subfield>
    <subfield code="c">300.00</subfield>
  </datafield>
  <datafield tag="035" ind1=" " ind2=" ">
    <subfield code="a">PN-5267</subfield>
  </datafield>
  <datafield tag="037" ind1=" " ind2=" ">
    <subfield code="b">DBAD / PUB</subfield>
  </datafield>
  <datafield tag="040" ind1=" " ind2=" ">
    <subfield code="a">dpl</subfield>
    <subfield code="b">PNB</subfield>
  </datafield>
  <datafield tag="082" ind1=" " ind2=" ">
    <subfield code="a">853.08</subfield>
  </datafield>
  <datafield tag="100" ind1=" " ind2=" ">
    <subfield code="a">&#xA30;&#xA1C;&#xA28;&#xA40; &#xA30;&#xA3E;&#xA23;&#xA40; </subfield>
    <subfield code="9">31599</subfield>
  </datafield>
  <datafield tag="245" ind1=" " ind2=" ">
    <subfield code="a">&#xA28;&#xA3E;&#xA30;&#xA40;&#xA35;&#xA3E;&#xA26;&#xA40; &#xA1A;&#xA3F;&#xA70;&#xA24;&#xA28; &#xA05;&#xA24;&#xA47; &#xA2A;&#xA70;&#xA1C;&#xA3E;&#xA2C;&#xA40; &#xA15;&#xA39;&#xA3E;&#xA23;&#xA40;  /</subfield>
    <subfield code="b">&#xA30;&#xA1C;&#xA28;&#xA40; &#xA30;&#xA3E;&#xA23;&#xA40; </subfield>
  </datafield>
  <datafield tag="246" ind1=" " ind2=" ">
    <subfield code="a">Naarivadi Chintan Ate Punjabi Kahani </subfield>
    <subfield code="b">by Rajani Rani </subfield>
  </datafield>
  <datafield tag="260" ind1=" " ind2=" ">
    <subfield code="a">&#xA26;&#xA3F;&#xA71;&#xA32;&#xA40;  </subfield>
    <subfield code="b">&#xA0F;&#xA2E;.&#xA2A;&#xA40;. &#xA2A;&#xA4D;&#xA30;&#xA15;&#xA3E;&#xA38;&#xA3C;&#xA28; </subfield>
    <subfield code="c">2006</subfield>
  </datafield>
  <datafield tag="270" ind1=" " ind2=" ">
    <subfield code="a">&#xA38;&#xA3C;&#xA3E;&#xA2A; &#xA28;&#xA70;-7, 12/190,&#xA17;&#xA40;&#xA24;&#xA3E; &#xA15;&#xA3E;&#xA32;&#xA4B;&#xA28;&#xA40; </subfield>
    <subfield code="b">&#xA26;&#xA3F;&#xA71;&#xA32;&#xA40; </subfield>
    <subfield code="k">9312271252</subfield>
    <subfield code="e">110031</subfield>
  </datafield>
  <datafield tag="300" ind1=" " ind2=" ">
    <subfield code="a">239 &#xA38;&#xA2B;&#xA47;;</subfield>
    <subfield code="b">22 &#xA38;&#xA47;&#xA2E;&#xA40; ,(&#xA38;&#xA1C;&#xA3F;&#xA32;&#xA26;) </subfield>
  </datafield>
  <datafield tag="650" ind1=" " ind2=" ">
    <subfield code="a">&#xA2A;&#xA70;&#xA1C;&#xA3E;&#xA2C;&#xA40; </subfield>
    <subfield code="9">31600</subfield>
  </datafield>
  <datafield tag="650" ind1=" " ind2=" ">
    <subfield code="a">Punjabi </subfield>
    <subfield code="9">31601</subfield>
  </datafield>
  <datafield tag="942" ind1=" " ind2=" ">
    <subfield code="2">ddc</subfield>
    <subfield code="c">PN</subfield>
    <subfield code="m">&#xA30;&#xA1C;&#xA28;&#xA40;</subfield>
    <subfield code="h">850.08</subfield>
  </datafield>
  <datafield tag="999" ind1=" " ind2=" ">
    <subfield code="c">54960</subfield>
    <subfield code="d">54960</subfield>
  </datafield>
</record>
